Gaming Quiz

Random Gaming or Elements Quiz
Score 0/115 Timer 15:00
0 Plays Today
Group Element % Correct
starting elementfire
94.4%
starting elementwater
93.7%
starting elementearth
90.2%
starting elementair
88.1%
humanityhuman
83.9%
firelava
80.4%
yin-yanglife
79.7%
plantstree
79%
transportationcar
77.6%
yin-yangenergy
74.8%
airsteam
74.8%
small creatures&plantsbacteria
73.4%
yin-yangsex
73.4%
earthsand
72.7%
animalsbird
72%
earthstone
71.3%
monstersvampire
70.6%
animalsbeast
70.6%
plantsgrass
69.9%
airash
69.2%
waterswamp
69.2%
wateralcohol
67.8%
yin-yangegg
67.1%
earthmetal
66.4%
monsterszombie
66.4%
yin-yangblood
66.4%
constructionhouse
66.4%
earthglass
65.7%
animalsfish
65.7%
humanitywizard
65%
airdust
64.3%
monstersdragon
64.3%
airstorm
63.6%
animalswhale
63.6%
transportationairplane
63.6%
watervodka
62.9%
monstersghost
62.9%
humanitycorpse
62.9%
animalssnake
62.2%
Group Element % Correct
animalslizard
62.2%
yin-yangseeds
61.5%
foodbread
61.5%
transportationboat
61.5%
small creatures&plantsmoss
60.1%
foodmeat
60.1%
yin-yangelectricity
59.4%
animalsdinosaur
59.4%
firecoal
59.4%
yin-yangpoison
59.4%
monsterswerewolf
59.4%
small creatures&plantsplankton
58.7%
humanityhunter
58.7%
animalsdomesticated animal
58.7%
foodmilk
58.7%
constructiontools
58%
constructionweapon
58%
small creatures&plantsworm
58%
fireoil
58%
monstersgolem
57.3%
civilizationwheel
57.3%
foodwheat
57.3%
humanitydemigod
56.6%
transportationship
56.6%
earthclay
55.9%
monstersghoul
55.9%
humanitywarrior
55.9%
civilizationwood
55.2%
transportationcart
55.2%
monstersphoenix
55.2%
monstersthunderbird
55.2%
civilizationpaper
53.8%
humanityalcoholic
53.8%
humanityhero
53.1%
firesulfur
53.1%
animalsturtle
53.1%
constructionhut
53.1%
animalsdolphin
52.4%
constructionboiler
51.7%
Group Element % Correct
plantsfern
51.7%
civilizationbricks
51.7%
plantsreed
51%
constructionsteam-engine
51%
small creatures&plantsbeetle
51%
civilizationbook
50.3%
foodwool
50.3%
monsterstreant
50.3%
small creatures&plantsmushroom
50.3%
constructionpoisoned weapon
49.7%
foodbeer
49.7%
transportationlocomotive
49.7%
plantstobacco
49%
small creatures&plantsscorpion
49%
humanityassassin
47.6%
small creatures&plantsbutterfly
47.6%
small creatures&plantsweeds
46.9%
small creatures&plantsshell
46.9%
civilizationcement
46.9%
civilizationfield
46.2%
fooddough
46.2%
civilizationconcrete
46.2%
constructionskyscraper
46.2%
foodflour
45.5%
transportationchariot
44.8%
civilizationclothes
44.8%
transportationfrigate
44.1%
foodfeather
43.4%
civilizationfabric
43.4%
transportationsteamship
43.4%
firesaltpeter
42%
constructiongunpowder
41.3%
earthlimestone
40.6%
constructionfirearm
40.6%
foodcigarette
39.9%
civilizationceramics
38.5%
earthfertilizer
37.1%
Remove Ads.
Support Sporcle.
Get the best of Sporcle when you Go Orange. This ad-free experience offers more features, more stats, and more fun while also helping to support Sporcle. Thank you for becoming a member.

You're not logged in!

Compare scores with friends on all Sporcle quizzes.
OR
Log In

Show Comments

Extras

Created Oct 24, 2010ReportNominate
Tags:Elements Quiz, doodle, god, kongregate

Top Quizzes Today


Score Distribution

Your Account Isn't Verified!

In order to create a playlist on Sporcle, you need to verify the email address you used during registration. Go to your Sporcle Settings to finish the process.

Report this User

Report this user for behavior that violates our Community Guidelines.

Details: